<?xml version="1.0" encoding="UTF-8"?><?xml-stylesheet type="text/xsl" href="static/style.xsl"?><OAI-PMH xmlns="http://www.openarchives.org/OAI/2.0/" xmlns:xsi="http://www.w3.org/2001/XMLSchema-instance" xsi:schemaLocation="http://www.openarchives.org/OAI/2.0/ http://www.openarchives.org/OAI/2.0/OAI-PMH.xsd"><responseDate>2026-04-28T21:22:18Z</responseDate><request verb="GetRecord" identifier="oai:uvadoc.uva.es:10324/4807" metadataPrefix="marc">https://uvadoc.uva.es/oai/request</request><GetRecord><record><header><identifier>oai:uvadoc.uva.es:10324/4807</identifier><datestamp>2021-06-29T09:48:45Z</datestamp><setSpec>com_10324_38</setSpec><setSpec>col_10324_852</setSpec></header><metadata><record xmlns="http://www.loc.gov/MARC21/slim" xmlns:doc="http://www.lyncode.com/xoai" xmlns:xsi="http://www.w3.org/2001/XMLSchema-instance" xmlns:dcterms="http://purl.org/dc/terms/" xsi:schemaLocation="http://www.loc.gov/MARC21/slim http://www.loc.gov/standards/marcxml/schema/MARC21slim.xsd">
<leader>00925njm 22002777a 4500</leader>
<datafield tag="042" ind1=" " ind2=" ">
<subfield code="a">dc</subfield>
</datafield>
<datafield tag="720" ind1=" " ind2=" ">
<subfield code="a">Sancho Gómez, Laura</subfield>
<subfield code="e">author</subfield>
</datafield>
<datafield tag="260" ind1=" " ind2=" ">
<subfield code="c">2013</subfield>
</datafield>
<datafield tag="520" ind1=" " ind2=" ">
<subfield code="a">Este Trabajo de Fin de Grado contiene la aplicación de un modelo de enseñanza - aprendizaje "mixto" en un equipo de baloncesto en la ciudad de Castelo Branco (Portugal). Para ello, se ha realizado un breve repaso teórico a los diferentes modelos de enseñanza - aprendizaje en la iniciación deportiva y se han diseñado diversos ejercicios con el objetivo de llevar a la práctica un modelo de enseñanza - aprendizaje basado en la comprensión, en la reflexión y en la búsqueda activa de posibles soluciones por parte de los jugadores/as a los problemas planteados en situaciones reales de juego.</subfield>
</datafield>
<datafield tag="024" ind2=" " ind1="8">
<subfield code="a">http://uvadoc.uva.es/handle/10324/4807</subfield>
</datafield>
<datafield ind1=" " ind2=" " tag="653">
<subfield code="a">Educación física (Estudio y enseñanza)-Educación primaria</subfield>
</datafield>
<datafield tag="245" ind1="0" ind2="0">
<subfield code="a">Aplicación de un modelo de enseñanza comprensiva en un equipo de baloncesto en Portugal</subfield>
</datafield>
</record></metadata></record></GetRecord></OAI-PMH>